[Event "Mar de Ajo op 4th"]
[Site "Mar de Ajo"]
[Date "2017.11.05"]
[Round "5"]
[White "Paz, Jose Maria"]
[Black "Fernandez, Jorge Daniel"]
[Result "0-1"]
[WhiteElo "1621"]
[BlackElo "1994"]
[PlyCount "38"]
[EventDate "2017.11.03"]
[EventType "swiss"]
[EventRounds "6"]
[EventCountry "ARG"]
[SourceTitle "CBM 181 Extra"]
[Source "ChessBase"]
[SourceDate "2017.12.12"]
[SourceVersion "1"]
[SourceVersionDate "2017.12.12"]
[SourceQuality "1"]

1. e4 d6 2. d4 Nf6 3. Nc3 g6 4. Bc4 Bg7 5. h3 0-0 6. f4 c5 7. dxc5 Qa5 8. Bd2 Qxc5 9. Bb3 b5 10. Qf3 Bb7 11. 0-0-0 b4 12. Be3 Qc7 13. Nd5 Nxd5 14. Bxd5 Bxd5 15. exd5 Nd7 16. Bd4 Nb8 17. g4 Rc8 18. Rd2 Qa5 19. Kb1 b3 0-1

[Event "Mar de Ajo op 4th"]
[Site "Mar de Ajo"]
[Date "2017.11.05"]
[Round "6"]
[White "Renkine, Ivan"]
[Black "Fernandez, Jorge Daniel"]
[Result "0-1"]
[WhiteElo "1760"]
[BlackElo "1994"]
[PlyCount "82"]
[EventDate "2017.11.03"]
[EventType "swiss"]
[EventRounds "6"]
[EventCountry "ARG"]
[SourceTitle "CBM 181 Extra"]
[Source "ChessBase"]
[SourceDate "2017.12.12"]
[SourceVersion "1"]
[SourceVersionDate "2017.12.12"]
[SourceQuality "1"]

1. b3 d5 2. Bb2 Bg4 3. g3 Nd7 4. Bg2 c6 5. Nf3 Ngf6 6. d3 e6 7. Nbd2 Bd6 8. a4 0-0 9. 0-0 e5 10. e4 Re8 11. h3 Bh5 12. Qe1 d4 13. Nc4 Bc7 14. a5 b5 15. axb6 axb6 16. Rxa8 Qxa8 17. g4 Bg6 18. Qa1 Qb7 19. Bc1 Ra8 20. Qb1 b5 21. Nb2 Ra6 22. Nh4 Qa8 23. Bd2 Nf8 24. c3 Ne6 25. c4 Ba5 26. cxb5 cxb5 27. b4 Bd8 28. Nxg6 hxg6 29. Qd1 Nd7 30. Qb3 Nb6 31. f4 exf4 32. Bxf4 Ra3 33. Qc2 Ra1 34. Bc1 Qc8 35. Qxc8 Nxc8 36. Bd2 Ra2 37. Rb1 Nb6 38. Bc1 Be7 39. Bd2 Na4 40. Nxa4 Rxd2 41. Nc5 Nf4 0-1

[Event "Mar de Ajo op 4th"]
[Site "Mar de Ajo"]
[Date "2017.11.04"]
[Round "2"]
[White "Leskovar, Mario Leopoldo"]
[Black "Fernandez, Jorge Daniel"]
[Result "1-0"]
[WhiteElo "2273"]
[BlackElo "1994"]
[PlyCount "53"]
[EventDate "2017.11.03"]
[EventType "swiss"]
[EventRounds "6"]
[EventCountry "ARG"]
[SourceTitle "CBM 181 Extra"]
[Source "ChessBase"]
[SourceDate "2017.12.12"]
[SourceVersion "1"]
[SourceVersionDate "2017.12.12"]
[SourceQuality "1"]

1. b3 d5 2. Bb2 Bg4 3. d3 Nd7 4. Nd2 e5 5. g3 Bd6 6. Bg2 Ngf6 7. c4 c6 8. Qc2 0-0 9. Ngf3 Re8 10. h3 Bxf3 11. exf3 Nc5 12. 0-0 Qd7 13. d4 exd4 14. Bxd4 Qe7 15. f4 Ne6 16. Bxf6 Qxf6 17. cxd5 cxd5 18. Bxd5 Rac8 19. Qd3 Nd4 20. Ne4 Rxe4 21. Qxe4 h5 22. Rad1 Nb5 23. Bc4 Nc3 24. Qxb7 Rc7 25. Qa8+ Kh7 26. Qf3 g6 27. Rxd6 1-0

[Event "Villa Tehuelches op"]
[Site "Villa Tehuelches"]
[Date "2017.07.12"]
[Round "3"]
[White "Ocantos, Manuel"]
[Black "Fernandez, Jorge Daniel"]
[Result "1-0"]
[WhiteElo "2200"]
[BlackElo "2029"]
[PlyCount "61"]
[EventDate "2017.07.11"]
[EventType "swiss"]
[EventRounds "7"]
[EventCountry "CHI"]
[SourceTitle "EXT 2018"]
[Source "ChessBase"]
[SourceDate "2017.10.13"]
[SourceVersion "1"]
[SourceVersionDate "2017.10.13"]
[SourceQuality "1"]

1. e3 f5 2. c4 Nf6 3. b3 g6 4. Bb2 Bg7 5. Nf3 d6 6. d4 0-0 7. Nbd2 Qe8 8. Qc2 Nc6 9. Be2 e5 10. dxe5 Nxe5 11. 0-0 Nf7 12. Rad1 f4 13. e4 Bd7 14. Rfe1 Bc6 15. Bf1 Ne5 16. Nxe5 dxe5 17. Nf3 Nh5 18. Bc3 Qe7 19. Qb2 Rfc8 20. b4 b6 21. b5 Bb7 22. Bb4 Qf6 23. Rd7 g5 24. h3 Qg6 25. c5 Bxe4 26. Rxe4 bxc5 27. Bxc5 Qxe4 28. Qb3+ Kh8 29. Nxg5 Qg6 30. Nf7+ Kg8 31. Nxe5+ 1-0

[Event "Necochea op"]
[Site "Necochea"]
[Date "2016.12.03"]
[Round "2"]
[White "Renkine, Ivan"]
[Black "Fernandez, Jorge Daniel"]
[Result "0-1"]
[WhiteElo "1781"]
[BlackElo "2001"]
[PlyCount "112"]
[EventDate "2016.12.02"]
[EventType "swiss"]
[EventRounds "6"]
[EventCountry "ARG"]
[SourceTitle "CBM 176 Extra"]
[Source "ChessBase"]
[SourceDate "2017.03.02"]
[SourceVersion "1"]
[SourceVersionDate "2017.03.02"]
[SourceQuality "1"]

1. f4 d5 2. Nf3 Nf6 3. b3 c6 4. Bb2 Bf5 5. e3 Nbd7 6. Be2 h6 7. 0-0 e6 8. a4 Bd6 9. Ne5 Qc7 10. d4 Ne4 11. Nd2 Nxd2 12. Qxd2 Nf6 13. Rac1 Ne4 14. Qe1 Qe7 15. Ra1 0-0 16. g4 Bh7 17. Bd3 f6 18. Nf3 g5 19. Nd2 f5 20. Bxe4 fxe4 21. fxg5 Qxg5 22. Rxf8+ Rxf8 23. Qe2 h5 24. h3 Bf5 25. Rf1 hxg4 26. hxg4 Kg7 27. Rf2 Bg6 28. Rxf8 Bxf8 29. Kf1 Qh6 30. Ke1 Be7 31. Nf1 Qh3 32. Kd2 Bg5 33. Bc1 Bf7 34. c4 e5 35. dxe5 Be6 36. cxd5 cxd5 37. Bb2 Kg6 38. Bd4 Bxg4 39. Qf2 Be7 40. Qg3 Qxg3 41. Nxg3 Bh4 42. Ne2 Bxe2 43. Kxe2 a6 44. b4 Kf5 45. b5 Bg3 46. bxa6 bxa6 47. Kd2 Bxe5 48. Bc5 Ke6 49. Kc2 Kd7 50. Kb3 Kc6 51. Ba7 Bd6 52. Bd4 Bc5 53. Kc3 Kd6 54. Kd2 Bxd4 55. exd4 Kc6 56. Ke3 Kb6 0-1

[Event "Mar del Plata"]
[Site "Mar del Plata"]
[Date "2016.09.23"]
[Round "8.2"]
[White "Fernandez, Jorge Daniel"]
[Black "Fabrizio, Gustavo"]
[Result "0-1"]
[WhiteElo "2060"]
[BlackElo "1971"]
[PlyCount "116"]
[EventDate "2016.09.05"]
[EventType "tourn"]
[EventRounds "10"]
[EventCountry "ARG"]
[SourceTitle "EXT 2024"]
[Source "ChessBase"]
[SourceDate "2023.10.10"]
[SourceVersion "1"]
[SourceVersionDate "2023.10.10"]
[SourceQuality "1"]

1. c4 c5 2. Nf3 Nc6 3. g3 g6 4. Bg2 Bg7 5. Nc3 Nf6 6. a3 d5 7. cxd5 Nxd5 8. Qb3 Nxc3 9. bxc3 Qc7 10. 0-0 0-0 11. Rb1 Rb8 12. Qc4 b6 13. d4 e5 14. d5 Na5 15. Qh4 Qd8 16. Bg5 f6 17. Bh6 Bxh6 18. Qxh6 Nc4 19. Rbd1 Nd6 20. Nd2 Nf5 21. Qh3 Nd4 22. Qh4 Nxe2+ 23. Kh1 Nxc3 24. Rc1 Ne2 25. Rce1 Nd4 26. f4 Nf5 27. Qg4 Ne3 28. Qe2 Nxg2 29. Qxg2 Bb7 30. Rd1 Qxd5 31. Nf3 Qb3 32. Qe2 Rfd8 33. Rxd8+ Rxd8 34. fxe5 fxe5 35. Kg1 Rf8 36. Nxe5 Rxf1+ 37. Kxf1 Qb1+ 38. Kf2 Qf5+ 39. Ke1 Bd5 40. a4 Qb1+ 41. Kf2 Qb4 42. a5 Qxa5 43. Nc6 Qa1 44. Qe8+ Kg7 45. Qe7+ Bf7 46. Ne5 Qa2+ 47. Kg1 Qe6 48. Qc7 c4 49. h3 b5 50. Nd7 a5 51. Qd8 Qd6 52. Kh2 b4 53. h4 b3 54. h5 gxh5 55. Qg5+ Bg6 56. Ne5 c3 57. Nf3 b2 58. Qb5 b1Q 0-1

[Event "Judewicz Memorial U2200"]
[Site "Mar del Plata"]
[Date "2016.09.18"]
[Round "6.5"]
[White "Fernandez, Jorge Daniel"]
[Black "Zarlenga, Marcelo"]
[Result "1-0"]
[WhiteElo "2060"]
[BlackElo "2002"]
[PlyCount "57"]
[EventDate "2016.09.16"]
[EventType "swiss"]
[EventRounds "7"]
[EventCountry "ARG"]
[SourceTitle "EXT 2024"]
[Source "ChessBase"]
[SourceDate "2023.10.10"]
[SourceVersion "1"]
[SourceVersionDate "2023.10.10"]
[SourceQuality "1"]

1. c4 c5 2. Nf3 Nc6 3. d4 cxd4 4. Nxd4 g6 5. e4 Bg7 6. Be3 Nf6 7. Nc3 Ng4 8. Qxg4 Nxd4 9. Qd1 Ne6 10. Be2 0-0 11. f4 d6 12. 0-0 f5 13. Bf3 Kh8 14. Qd2 g5 15. exf5 Nxf4 16. h4 Bxf5 17. hxg5 e5 18. Nd5 Qxg5 19. Nxf4 exf4 20. Bxf4 Qh4 21. Bxd6 Bd4+ 22. Rf2 Rf6 23. g3 Rg8 24. Bg2 Rxd6 25. gxh4 Be4 26. Kh1 Bxf2 27. Qxd6 Bxg2+ 28. Kh2 Bc6 29. Qf6+ 1-0

[Event "Mar del Plata"]
[Site "Mar del Plata"]
[Date "2016.09.09"]
[Round "3.2"]
[White "Fabrizio, Gustavo"]
[Black "Fernandez, Jorge Daniel"]
[Result "1/2-1/2"]
[WhiteElo "1971"]
[BlackElo "2060"]
[PlyCount "105"]
[EventDate "2016.09.05"]
[EventType "tourn"]
[EventRounds "10"]
[EventCountry "ARG"]
[SourceTitle "EXT 2024"]
[Source "ChessBase"]
[SourceDate "2023.10.10"]
[SourceVersion "1"]
[SourceVersionDate "2023.10.10"]
[SourceQuality "1"]

1. d4 Nf6 2. c4 e6 3. Nc3 Bb4 4. e3 0-0 5. Nf3 c5 6. Bd3 Bxc3+ 7. bxc3 d6 8. 0-0 Nc6 9. e4 e5 10. Bg5 Bg4 11. d5 Ne7 12. h3 Bxf3 13. Qxf3 Ng6 14. h4 h6 15. Bxf6 Qxf6 16. Qxf6 gxf6 17. g3 Kh8 18. Rab1 b6 19. a4 Rg8 20. Kh2 Nf8 21. Rb2 Nd7 22. f4 Rg7 23. Rg2 exf4 24. Rxf4 Kg8 25. Be2 Kf8 26. Rf1 Ke7 27. Kh3 Ne5 28. a5 Rag8 29. Rb1 Ng6 30. Rf2 Ne5 31. Rg2 Nd7 32. axb6 Nxb6 33. Ra1 Ra8 34. Bd3 f5 35. exf5 Nd7 36. Rb2 Rag8 37. Rg1 Rb8 38. Rxb8 Nxb8 39. Rb1 Rg8 40. Rb7+ Kf6 41. Rxa7 Rd8 42. Kg4 Nd7 43. Kf4 Ne5 44. Be2 Rb8 45. g4 Rb2 46. g5+ hxg5+ 47. hxg5+ Kg7 48. Ke3 Rb3 49. Ra6 Rxc3+ 50. Kd2 Rg3 51. Rxd6 Rxg5 52. f6+ Kg6 53. Bd3+ 1/2-1/2

[Event "Villa Tehuelches 50 aniversity 2nd"]
[Site "Villa Tehuelches"]
[Date "2016.07.15"]
[Round "7.9"]
[White "Alarcon Torres, Marcelo"]
[Black "Fernandez, Jorge Daniel"]
[Result "1/2-1/2"]
[WhiteElo "1806"]
[BlackElo "2062"]
[PlyCount "61"]
[EventDate "2016.07.12"]
[EventType "swiss"]
[EventRounds "7"]
[EventCountry "CHI"]
[SourceTitle "EXT 2024"]
[Source "ChessBase"]
[SourceDate "2023.10.10"]
[SourceVersion "1"]
[SourceVersionDate "2023.10.10"]
[SourceQuality "1"]

1. e4 c5 2. Nc3 Nc6 3. Bb5 g6 4. Bxc6 dxc6 5. d3 Nf6 6. f4 Bg7 7. Nf3 0-0 8. 0-0 b6 9. Qe2 Ba6 10. a4 Ne8 11. e5 Nc7 12. Ng5 h6 13. Nge4 c4 14. dxc4 Qd4+ 15. Qe3 Qxe3+ 16. Bxe3 Bxc4 17. Rfd1 Nd5 18. Nxd5 Bxd5 19. Nc3 Be6 20. a5 f6 21. exf6 Bxf6 22. axb6 axb6 23. Rxa8 Rxa8 24. Bxb6 Bg4 25. Rd2 Rb8 26. Na4 Bxb2 27. Nxb2 Rxb6 28. Nc4 Rb4 29. Ne5 Rxf4 30. Nxc6 Re4 31. Rd4 1/2-1/2

[Event "ARG-ch sf"]
[Site "Vicente Lopez"]
[Date "2016.07.01"]
[Round "8"]
[White "Fernandez, Jorge Daniel"]
[Black "Palu, Andres"]
[Result "0-1"]
[WhiteElo "2062"]
[BlackElo "2152"]
[PlyCount "38"]
[EventDate "2016.06.25"]
[EventType "swiss"]
[EventRounds "9"]
[EventCountry "ARG"]
[SourceTitle "CBM 173 Extra"]
[Source "ChessBase"]
[SourceDate "2016.08.29"]
[SourceVersion "1"]
[SourceVersionDate "2016.08.29"]
[SourceQuality "1"]

1. d4 Nf6 2. Nf3 e6 3. Bg5 c5 4. e3 Nc6 5. Nbd2 Be7 6. c3 d5 7. Bd3 a6 8. 0-0 b6 9. Qe2 Bb7 10. Rad1 h6 11. Bf4 Nh5 12. Be5 0-0 13. h3 cxd4 14. cxd4 Nb4 15. Bb1 a5 16. Nh2 Nf6 17. Bxf6 Bxf6 18. Qh5 g6 19. Qxh6 Bg5 0-1

[Event "ARG-ch sf"]
[Site "Vicente Lopez"]
[Date "2016.06.26"]
[Round "3"]
[White "Fernandez, Jorge Daniel"]
[Black "Arias, Juan Cruz"]
[Result "1/2-1/2"]
[WhiteElo "2062"]
[BlackElo "2207"]
[PlyCount "63"]
[EventDate "2016.06.25"]
[EventType "swiss"]
[EventRounds "9"]
[EventCountry "ARG"]
[SourceTitle "CBM 173 Extra"]
[Source "ChessBase"]
[SourceDate "2016.08.29"]
[SourceVersion "1"]
[SourceVersionDate "2016.08.29"]
[SourceQuality "1"]

1. d4 e6 2. Nf3 f5 3. d5 Bb4+ 4. c3 Bd6 5. dxe6 dxe6 6. e4 fxe4 7. Ng5 Nf6 8. Nxe4 Nxe4 9. Qa4+ Nc6 10. Qxe4 Qf6 11. Nd2 Bd7 12. Nf3 h6 13. Be3 0-0-0 14. Nd4 Kb8 15. 0-0-0 Nxd4 16. Qxd4 Qxd4 17. Bxd4 e5 18. Be3 Bc6 19. Be2 Be7 20. Rhg1 a5 21. g3 Bg5 22. h4 Bxe3+ 23. fxe3 Rdf8 24. Rgf1 b6 25. Rxf8+ Rxf8 26. Rf1 Rxf1+ 27. Bxf1 Kc8 28. Kd2 Kd7 29. Bh3+ Ke7 30. b4 Be4 31. a3 Kf6 32. Ke2 1/2-1/2

[Event "Mar del Plata op 47th"]
[Site "Mar del Plata"]
[Date "2016.03.24"]
[Round "7"]
[White "Fernandez, Jorge Daniel"]
[Black "Palu, Andres"]
[Result "1/2-1/2"]
[WhiteElo "2041"]
[BlackElo "2265"]
[PlyCount "137"]
[EventDate "2016.03.19"]
[EventType "swiss"]
[EventRounds "9"]
[EventCountry "ARG"]
[SourceTitle "CBM 171 Extra"]
[Source "ChessBase"]
[SourceDate "2016.04.26"]
[SourceVersion "1"]
[SourceVersionDate "2016.04.26"]
[SourceQuality "1"]

1. c4 Nf6 2. Nc3 c5 3. Nf3 Nc6 4. g3 g6 5. Bg2 Bg7 6. d4 cxd4 7. Nxd4 0-0 8. 0-0 Qb6 9. Nc2 d6 10. b3 Qa5 11. Nb5 a6 12. Bd2 Qd8 13. Nbd4 Bd7 14. Bc3 Rc8 15. Qd2 Qc7 16. Rac1 Rfd8 17. Nb4 Nxb4 18. Bxb4 b6 19. Bc3 Qc5 20. Qd3 Qh5 21. Nf3 Bc6 22. Bd4 e5 23. Bxb6 e4 24. Qd1 exf3 25. exf3 Re8 26. Qxd6 Bxf3 27. Qa3 Bxg2 28. Kxg2 Ng4 29. h3 Ne5 30. Qxa6 Qf3+ 31. Kg1 Qe4 32. Rfd1 Nf3+ 33. Kf1 Ne1 34. Be3 Nd3 35. Rb1 Ra8 36. Qb5 Rxa2 37. Qd5 Qxd5 38. cxd5 Ne5 39. b4 Raa8 40. b5 Bf8 41. b6 Bd6 42. Rdc1 Kf8 43. b7 Rad8 44. Rb6 Ke7 45. Rb5 Nd7 46. Re1 Kf8 47. Rc1 Nb8 48. Bh6+ Ke7 49. Bd2 f6 50. Rb3 Kf7 51. Be3 Rd7 52. Kg2 Ree7 53. Rcb1 Re5 54. Rb5 Re8 55. Rc1 Ree7 56. Rcb1 Re8 57. Rc1 Rc7 58. Rcb1 Ke7 59. Bb6 Rc2 60. Be3 Kd7 61. Kf3 f5 62. h4 Rc3 63. Kg2 Rc4 64. h5 f4 65. gxf4 Bxf4 66. R1b4 Rxb4 67. Rxb4 Bxe3 68. fxe3 gxh5 69. Rf4 1/2-1/2

[Event "Mar del Plata op 47th"]
[Site "Mar del Plata"]
[Date "2016.03.22"]
[Round "5"]
[White "Fernandez, Jorge Daniel"]
[Black "Arambel, Sergio Javier"]
[Result "1/2-1/2"]
[WhiteElo "2041"]
[BlackElo "2260"]
[PlyCount "41"]
[EventDate "2016.03.19"]
[EventType "swiss"]
[EventRounds "9"]
[EventCountry "ARG"]
[SourceTitle "CBM 171 Extra"]
[Source "ChessBase"]
[SourceDate "2016.04.26"]
[SourceVersion "1"]
[SourceVersionDate "2016.04.26"]
[SourceQuality "1"]

1. e4 e6 2. d4 d5 3. e5 c5 4. c3 Nc6 5. Nf3 Bd7 6. a3 a5 7. g3 a4 8. Nbd2 Qb6 9. c4 Nxd4 10. Nxd4 cxd4 11. cxd5 exd5 12. b4 Ne7 13. Nf3 Nc6 14. Bg2 Be7 15. 0-0 0-0 16. Bb2 Bg4 17. h3 Bxf3 18. Qxf3 Nxe5 19. Qxd5 Bf6 20. Bxd4 Nf3+ 21. Qxf3 1/2-1/2

[Event "Mar del Plata op 47th"]
[Site "Mar del Plata"]
[Date "2016.03.20"]
[Round "3"]
[White "Fernandez, Jorge Daniel"]
[Black "Lopez Azambuja, Nicolas"]
[Result "1/2-1/2"]
[WhiteElo "2041"]
[BlackElo "2284"]
[PlyCount "153"]
[EventDate "2016.03.19"]
[EventType "swiss"]
[EventRounds "9"]
[EventCountry "ARG"]
[SourceTitle "CBM 171 Extra"]
[Source "ChessBase"]
[SourceDate "2016.04.26"]
[SourceVersion "1"]
[SourceVersionDate "2016.04.26"]
[SourceQuality "1"]

1. d4 Nf6 2. Nf3 e6 3. c4 Bb4+ 4. Nbd2 b6 5. g3 Ba6 6. Qc2 Bb7 7. Bg2 Be4 8. Qb3 Bxd2+ 9. Bxd2 d6 10. 0-0 Nbd7 11. Rfd1 0-0 12. Be3 Qe7 13. Ne1 Bxg2 14. Nxg2 Rfd8 15. Rac1 c5 16. dxc5 bxc5 17. Qc2 Ne5 18. Bg5 Rab8 19. Rd2 Rb4 20. b3 Rb6 21. Ne1 h6 22. Bxf6 Qxf6 23. Nd3 Nc6 24. Qd1 a5 25. Nb2 Nd4 26. Na4 Ra6 27. Kg2 Qe7 28. e3 Nc6 29. Kg1 Qc7 30. Nc3 Na7 31. Qh5 Rc6 32. Rcd1 Qe7 33. Qf3 Qc7 34. e4 f6 35. Qg4 Qe7 36. f4 Rdc8 37. e5 f5 38. exd6 Rxd6 39. Qe2 Rxd2 40. Rxd2 Nc6 41. Qd3 Qf6 42. Re2 Qd4+ 43. Qxd4 Nxd4 44. Re3 Kf7 45. Kf2 Ke7 46. Na4 Kd6 47. Re5 g5 48. Re1 Nc2 49. Re2 Nd4 50. Re1 Nc2 51. Re2 Nb4 52. Rd2+ Ke7 53. Re2 Nc6 54. Ke1 gxf4 55. gxf4 Rg8 56. Rf2 Rg1+ 57. Ke2 Kf6 58. Nc3 Nb4 59. Kd2 Ra1 60. Ke3 Rc1 61. Na4 Nc6 62. Kd2 Rg1 63. Ke2 e5 64. fxe5+ Kxe5 65. Nb2 Rb1 66. Ke3 Ra1 67. Rd2 Ke6 68. Nd3 Kf6 69. Nf4 Nb4 70. Nd5+ Ke6 71. Nf4+ Ke5 72. Ng6+ Kf6 73. Rd6+ Kf7 74. Kf4 Rxa2 75. Kxf5 Rf2+ 76. Nf4 Ke7 77. Rxh6 1/2-1/2

[Event "Pinamar U2200 op"]
[Site "Pinamar"]
[Date "2015.11.07"]
[Round "2.1"]
[White "Lang, German"]
[Black "Fernandez, Jorge Daniel"]
[Result "1-0"]
[WhiteElo "1842"]
[BlackElo "2034"]
[PlyCount "129"]
[EventDate "2015.11.07"]
[EventType "swiss"]
[EventRounds "6"]
[EventCountry "ARG"]
[SourceTitle "EXT 2024"]
[Source "ChessBase"]
[SourceDate "2023.10.10"]
[SourceVersion "1"]
[SourceVersionDate "2023.10.10"]
[SourceQuality "1"]

1. e4 c5 2. Nf3 Nc6 3. Bc4 e6 4. Qe2 Nge7 5. Nc3 a6 6. a4 Ng6 7. 0-0 Nd4 8. Qd1 Be7 9. Nxd4 cxd4 10. Ne2 Ne5 11. Bb3 d3 12. cxd3 Nxd3 13. Qc2 Nb4 14. Qc3 0-0 15. d4 d5 16. e5 Bd7 17. Qg3 Kh8 18. Bd2 b5 19. a5 Nc6 20. Ra2 Rc8 21. Kh1 Nb4 22. Raa1 Nc6 23. f4 f5 24. Rfc1 b4 25. Ra2 Na7 26. Qe1 Bb5 27. Rxc8 Qxc8 28. Ra1 Qb7 29. Rc1 Rc8 30. Rxc8+ Qxc8 31. Ng1 Nc6 32. Qc1 Qd8 33. Nf3 h6 34. Be3 Nxa5 35. Bd1 Qd7 36. h4 Qc6 37. Qa1 Nc4 38. Bf2 Nb6 39. h5 Ba4 40. b3 Bb5 41. Bh4 Qe8 42. Bxe7 Qxe7 43. g3 Qb7 44. Qa5 Be8 45. Nh4 Nc8 46. Qd8 Qd7 47. Ng6+ Kg8 48. Qxc8 Qxc8 49. Ne7+ Kf8 50. Nxc8 Bb5 51. Nd6 Bc6 52. g4 fxg4 53. Bxg4 Ke7 54. f5 a5 55. Bd1 exf5 56. Nxf5+ Kf8 57. Kg2 Bd7 58. Nd6 Ke7 59. Kg3 Kf8 60. Kf4 Kg8 61. Nb7 Bc6 62. Nc5 Kf7 63. Kf5 Be8 64. e6+ Ke7 65. Ke5 1-0

[Event "Judewicz Memorial U2200 op"]
[Site "Mar del Plata"]
[Date "2014.10.10"]
[Round "7.1"]
[White "Fernandez Mazzetti, Ignacio"]
[Black "Fernandez, Jorge Daniel"]
[Result "1/2-1/2"]
[WhiteElo "1731"]
[BlackElo "2050"]
[PlyCount "28"]
[EventDate "2014.09.26"]
[EventType "swiss"]
[EventRounds "7"]
[EventCountry "ARG"]
[SourceTitle "EXT 2024"]
[Source "ChessBase"]
[SourceDate "2023.10.10"]
[SourceVersion "1"]
[SourceVersionDate "2023.10.10"]
[SourceQuality "1"]

1. e4 c5 2. Nf3 Nc6 3. d4 cxd4 4. Nxd4 g6 5. Bc4 Bg7 6. Be3 Nf6 7. Nc3 0-0 8. f3 Qb6 9. Bb3 Nxe4 10. Nf5 Nxc3 11. bxc3 Bxc3+ 12. Kf2 Qa5 13. Nh6+ Kg7 14. h4 e5 1/2-1/2

[Event "Judewicz Memorial U2200 op"]
[Site "Mar del Plata"]
[Date "2014.10.06"]
[Round "5.3"]
[White "Fernandez, Jorge Daniel"]
[Black "Loiterstein, Mariano"]
[Result "1-0"]
[WhiteElo "2050"]
[BlackElo "2163"]
[PlyCount "95"]
[EventDate "2014.09.26"]
[EventType "swiss"]
[EventRounds "7"]
[EventCountry "ARG"]
[SourceTitle "EXT 2024"]
[Source "ChessBase"]
[SourceDate "2023.10.10"]
[SourceVersion "1"]
[SourceVersionDate "2023.10.10"]
[SourceQuality "1"]

1. Nf3 e6 2. d4 c5 3. c4 cxd4 4. Nxd4 Nf6 5. Nc3 d5 6. cxd5 Nxd5 7. e4 Nxc3 8. bxc3 e5 9. Bb5+ Bd7 10. Bxd7+ Qxd7 11. Nc2 Qxd1+ 12. Kxd1 Nc6 13. Ne3 Bc5 14. Nd5 0-0-0 15. Ke2 Rd7 16. Be3 Bxe3 17. Kxe3 Kb8 18. Rab1 Rc8 19. Rb3 Na5 20. Rb4 Nc4+ 21. Ke2 Na5 22. Ra4 Nc6 23. Rb1 Ne7 24. c4 Nc6 25. f3 Nd4+ 26. Kf2 Rc6 27. Nb4 Rc8 28. c5 Ka8 29. Nd5 Kb8 30. Rc4 Nc6 31. a4 Ne7 32. a5 Nxd5 33. c6 Rd6 34. Rxb7+ Ka8 35. exd5 Rxd5 36. Rcb4 Rc5 37. Rxf7 R5xc6 38. Rxg7 Rc5 39. Rxh7 Rxa5 40. h4 Ra2+ 41. Kg3 a5 42. Rg4 a4 43. h5 a3 44. h6 Ra1 45. Rhg7 a2 46. h7 Rh1 47. Ra4+ Kb8 48. Rxa2 1-0

[Event "Judewicz Memorial U2200 op"]
[Site "Mar del Plata"]
[Date "2014.10.03"]
[Round "4.2"]
[White "Lopez Paz, Nestor"]
[Black "Fernandez, Jorge Daniel"]
[Result "1/2-1/2"]
[WhiteElo "1882"]
[BlackElo "2050"]
[PlyCount "82"]
[EventDate "2014.09.26"]
[EventType "swiss"]
[EventRounds "7"]
[EventCountry "ARG"]
[SourceTitle "EXT 2024"]
[Source "ChessBase"]
[SourceDate "2023.10.10"]
[SourceVersion "1"]
[SourceVersionDate "2023.10.10"]
[SourceQuality "1"]

1. d4 e6 2. Bf4 d5 3. Nf3 c5 4. c3 Nc6 5. e3 Nf6 6. h3 Bd6 7. Bxd6 Qxd6 8. dxc5 Qxc5 9. Be2 0-0 10. 0-0 Qb6 11. Qb3 Qc7 12. Nbd2 e5 13. a4 Be6 14. Qd1 Rfd8 15. b4 d4 16. exd4 exd4 17. cxd4 Nxd4 18. Rb1 Ne4 19. Nxd4 Rxd4 20. Rb2 Qd8 21. Nxe4 Rxd1 22. Rxd1 Qe7 23. Nc5 Qg5 24. Rbd2 g6 25. Bf3 Rc8 26. Bxb7 Rc7 27. Bf3 Bf5 28. Rd4 Qf6 29. Bg4 a5 30. Bxf5 Qxf5 31. Ne4 Rc2 32. b5 Kg7 33. Nd2 Qc8 34. Nf3 Qe6 35. Rd7 Qf5 36. R7d5 Qf4 37. R5d4 Qc7 38. Rd7 Qc5 39. R7d4 Ra2 40. h4 h6 41. Rb1 Rb2 1/2-1/2

[Event "Judewicz Memorial U2200 op"]
[Site "Mar del Plata"]
[Date "2014.10.01"]
[Round "3.1"]
[White "Fernandez, Jorge Daniel"]
[Black "Anino, Sergio"]
[Result "0-1"]
[WhiteElo "2050"]
[BlackElo "2187"]
[PlyCount "108"]
[EventDate "2014.09.26"]
[EventType "swiss"]
[EventRounds "7"]
[EventCountry "ARG"]
[SourceTitle "EXT 2024"]
[Source "ChessBase"]
[SourceDate "2023.10.10"]
[SourceVersion "1"]
[SourceVersionDate "2023.10.10"]
[SourceQuality "1"]

1. d4 d5 2. c4 e6 3. Nc3 c6 4. Qb3 dxc4 5. Qxc4 b5 6. Qd3 Nf6 7. Bg5 h6 8. Bxf6 Qxf6 9. Nf3 Nd7 10. g3 a6 11. Bg2 Bb7 12. 0-0 Rd8 13. Qc2 c5 14. Ne4 Qe7 15. dxc5 Nxc5 16. Ne5 Rc8 17. Rac1 Qc7 18. Nd3 Bxe4 19. Bxe4 Bd6 20. Nxc5 Bxc5 21. a4 b4 22. Qd3 Qa7 23. e3 0-0 24. Qc4 g6 25. h4 Bxe3 26. Qxc8 Rxc8 27. Rxc8+ Kg7 28. b3 Bd4 29. Rc4 a5 30. Kg2 f5 31. Bf3 g5 32. Rfc1 Bc3 33. Rd1 g4 34. Bc6 Kf6 35. Rd7 Qb8 36. Rh7 Qe5 37. Rxh6+ Kg7 38. Rh5 Bd4 39. Rg5+ Kf6 40. Rc2 Qe1 41. Rh5 Qd1 42. Ra2 Qxb3 43. Re2 Qc4 44. Rh6+ Kf7 45. Rhxe6 Qxe6 46. Rxe6 Kxe6 47. Bb5 Ke5 48. Bc4 f4 49. gxf4+ Kxf4 50. h5 Bg7 51. Kf1 Ke4 52. Ke2 Kd4 53. Be6 Kc3 54. Bf7 b3 0-1

[Event "Buenos Aires Duchamp Memorial op 5th"]
[Site "Buenos Aires"]
[Date "2013.03.27"]
[Round "6"]
[White "Pichot, Alan"]
[Black "Fernandez, Jorge Daniel"]
[Result "1-0"]
[WhiteElo "2327"]
[BlackElo "2098"]
[PlyCount "57"]
[EventDate "2013.03.23"]
[EventType "swiss"]
[EventRounds "8"]
[EventCountry "ARG"]
[SourceTitle "CBM 153 Extra"]
[Source "ChessBase"]
[SourceDate "2013.04.22"]
[SourceVersion "1"]
[SourceVersionDate "2013.04.22"]
[SourceQuality "1"]

1. e4 Nf6 2. e5 Nd5 3. d4 d6 4. c4 Nb6 5. f4 dxe5 6. fxe5 Nc6 7. Be3 Bf5 8. Nc3 e6 9. Nf3 Be7 10. d5 exd5 11. cxd5 Nb4 12. Nd4 Bd7 13. Qf3 0-0 14. 0-0-0 Bg5 15. Nc2 Nxc2 16. Kxc2 Bxe3 17. Qxe3 Bf5+ 18. Bd3 Bxd3+ 19. Rxd3 Qe7 20. Qe4 Rae8 21. Re1 Nd7 22. Rh3 g6 23. Rhe3 Qg5 24. h4 Qh5 25. Qf4 f5 26. e6 Nf6 27. e7 Rf7 28. Qxc7 Qg4 29. d6 1-0